000 00820nam a22002177a 4500
999 _c9753
_d9753
003 AR-CdUCM
008 190328b ||||| |||| 00| 0 spa d
040 _aMUNICIPALIDAD PROVINCIAL DEL CUSCO
_cBIBLIOTECA MUNICIPAL DEL CUSCO
082 _a985.542 /
_bS18
100 _aCavero, José Salvador
_94208
245 _aAsí es mi tierra /
260 _aAyacucho :
_bImprenta Gonzáles,
_c1972.
300 _a41 paginas ;
_c21 cm.
440 _aColección apuntes de Huamanga.
_926181
500 _aDonación familia Nieto.
505 _aContenido :El proemio de la obra -- Así es mi tierra, poema andino -- Huamanga y sus glorias históricas -- Listin de obras del autor -- El Perú y los peruanos ...
650 _aVida y costumbres sociales
_9857
650 _aAyacucho
_93896
942 _2ddc
_cLIBROS
945 _arum